[Event "Modena Province-ch 11"]
[Site "Modena"]
[Date "2010.12.11"]
[Round "3"]
[White "Del Gaiso, Massimo"]
[Black "Minelli, Giancarlo"]
[Result "1-0"]
[WhiteElo "1777"]
[BlackElo "1386"]
[PlyCount "37"]
[EventDate "2010.12.10"]
[EventType "swiss"]
[EventRounds "5"]
[EventCountry "ITA"]
[SourceTitle "EXT 2024"]
[Source "ChessBase"]
[SourceDate "2023.10.10"]
[SourceVersion "1"]
[SourceVersionDate "2023.10.10"]
[SourceQuality "1"]

1. e4 e5 2. d4 c6 3. dxe5 Qa5+ 4. Nc3 Qxe5 5. Nf3 Qc7 6. Bc4 Be7 7. Qd4 Nf6 8. 0-0 c5 9. Nd5 Qc6 10. Qd3 d6 11. Nxe7 Kxe7 12. e5 Ne4 13. Bd5 Nxf2 14. Rxf2 Qb6 15. Bg5+ f6 16. exf6+ gxf6 17. Qe4+ Kf8 18. Bxf6 Nd7 19. Qe7# 1-0

[Event "Vignola op 5th"]
[Site "Vignola"]
[Date "2006.11.26"]
[Round "4"]
[White "Del Gaiso, Massimo"]
[Black "Ferretti, Alessandro"]
[Result "0-1"]
[WhiteElo "1458"]
[BlackElo "1733"]
[PlyCount "60"]
[EventDate "2006.11.24"]
[EventType "swiss"]
[EventRounds "5"]
[EventCountry "ITA"]
[SourceTitle "EXT 2011"]
[Source "ChessBase"]
[SourceDate "2010.11.26"]
[SourceVersion "1"]
[SourceVersionDate "2010.11.26"]
[SourceQuality "1"]

1. e4 c5 2. d4 cxd4 3. c3 dxc3 4. Nxc3 Nc6 5. Nf3 Nf6 6. Bc4 e6 7. 0-0 d6 8. Qe2 a6 9. Rd1 Qc7 10. a3 Be7 11. Bf4 Nh5 12. Be3 0-0 13. Rac1 Qa5 14. Ba2 Nf6 15. Bg5 Rd8 16. Qe3 h6 17. Bh4 Qh5 18. Bg3 Nh7 19. Ne2 e5 20. Qb6 Ng5 21. Nxg5 Bxg5 22. f4 Bg4 23. fxg5 Bxe2 24. Rd2 Qxg5 25. Rcc2 Bh5 26. Qxb7 Nd4 27. Rxd4 exd4 28. Bf2 d3 29. h4 dxc2 30. hxg5 c1Q+ 0-1

[Event "Vignola op 5th"]
[Site "Vignola"]
[Date "2006.11.24"]
[Round "1"]
[White "Cavazzoni, Carlo Alberto"]
[Black "Del Gaiso, Massimo"]
[Result "1-0"]
[WhiteElo "1798"]
[BlackElo "1458"]
[PlyCount "69"]
[EventDate "2006.11.24"]
[EventType "swiss"]
[EventRounds "5"]
[EventCountry "ITA"]
[SourceTitle "EXT 2011"]
[Source "ChessBase"]
[SourceDate "2010.11.26"]
[SourceVersion "1"]
[SourceVersionDate "2010.11.26"]
[SourceQuality "1"]

1. Nf3 d5 2. c4 c6 3. cxd5 cxd5 4. d4 Nc6 5. Nc3 Bf5 6. Nh4 Bg4 7. h3 Bh5 8. g4 e6 9. Nf3 Bg6 10. a3 h6 11. Bf4 Nf6 12. e3 Ne4 13. Bd3 Be7 14. Ne5 Nxf2 15. Kxf2 Bh4+ 16. Kg2 Qf6 17. Rf1 h5 18. Bg3 Qg5 19. Bf4 Qf6 20. Bxg6 fxg6 21. Qf3 0-0 22. Nd7 Qe7 23. Nxf8 Rxf8 24. Qe2 hxg4 25. Qxg4 Rf5 26. Bd6 Qxd6 27. Rxf5 gxf5 28. Qxh4 e5 29. dxe5 Nxe5 30. Rd1 Qb6 31. Qf2 Nc4 32. Nxd5 Qxb2 33. Qxb2 Nxb2 34. Rb1 Nc4 35. Rxb7 1-0